000 00681nam a2200265Ia 4500
005 20260302115350.0
008 008 260114s9999 xx 000 0 eng d
020 _a9781350361959
037 _aTextbook
040 _aCRL
040 _beng
040 _cCRL
041 _2eng
041 _aeng
084 _qCRL
100 _aGraham Handley, J M Evans
_91121418
245 0 _aAusten: Pride and Prejudice
260 _bBloomsbury
260 _bBloomsbury Academic
260 _c1992
650 _aLiterary Studies
856 _uhttps://doi.org/10.5040/9781350361959?locatt=label:secondary_bloomsburyCollections
942 _cEBOOK
999 _c1685952
_d1685952